01018nam a2200277Ia 450000500170000000800410001702000180005810000310007624500960010725000180020330000480022149000400026965000400030965000420034965100520039170000380044370000490048194200150053026400460054533600270059133700330061833800280065104000350067908400110071499900150072520220317001541.0161108s2014 ck a g 000 p s  a97895885457521 aAmaral, Ana Luísad1956-10aComo túcAna Luísa Amaral ; ilustraciones Elsa Navarro ; traducción Lauren Mendinueta a1a. edición a62 páginasbilustraciones en colorc24 cm aTaller de Edición-Rocca. Poesía142LEMBaPoesía portuguesaySiglo XX142LEMBaLiteratura portuguesaySiglo XX aLEMBvLibros ilustrados en la literatura9755951 aNavarro, Elsaeilustradora9755961 aMendinueta, Laurend1977-etraductora975597 2loccBKLIT aBogotábTaller de Edición Roccac2014 atextobtxt2rdacontent asin mediaciónbn2rdamedia avolumenbnc2rdacarrier aCO-BoRNBPbspaerdacCO-BoRNBP aP AMA6 c7331d7331